| 000 | 00947nam a22002177a 4500 | ||
|---|---|---|---|
| 005 | 20211018143107.0 | ||
| 008 | s2540 th tha d | ||
| 041 | _atha | ||
| 090 | _aว JF225 อ564ก 2540 | ||
| 100 | 0 | _aอัมมาร สยามวาลา, บรรณาธิการ | |
| 245 | 1 | 0 | _aการแยกอำนาจบริหารและอำนาจนิติบัญญัติออกจากกัน |
| 260 | 3 |
_aกรุงเทพฯ : _bสถาบันวิจัยเพื่อการพัฒนาประเทศไทย, _c2540 |
|
| 300 |
_a14 หน้า ; _b 28 ซม. |
||
| 650 | 0 | 4 | _aการแบ่งแยกอำนาจ |
| 650 | 0 | 4 | _aอำนาจนิติบัญญัติ |
| 650 | 0 | 4 | _aอำนาจบริหาร |
| 850 | _aNALT | ||
| 942 |
_cRSH _01 |
||
| 997 |
_c000000000029668 _kVC |
||
| 998 |
_aBENJALUCK SUTTHIWILAI _j8 _k บัณฑิต อุทาวงค์ |
||
| 999 |
_c29668 _d29668 |
||